000 01378nam0a22003371 4500
001 rc\2135007
005 20250623025510.0
035 _a(NLR Aleph) 006536961
090 _a6595070
_c6595070
100 _a20110826d1978 |||y0rusy50 ca
101 0 _arus
102 _aRU
105 _aa z |||||
200 1 _aДуговой нагрев и новые виды нагрева
_f[В.Д. Артемьев, Н.И. Бортничук, В.В. Бабыкин и др.]
210 _aМосква
_cИнформэлектро
_d1978
215 _a60 с.
_cил.
_d21
225 1 _aОбзорная информация
_fВНИИ информ. и техн.-экон. исслед. в электротехнике
_hТС-12
_iЭлектротерм. оборудование
300 _aАвт. указаны на 2-й с. обл.
320 _aБиблиогр.: с. 53-59 (80 назв.)
606 _aЭлектрические печи, дуговые
_jОбзоры литературы информационные
_2psbo
686 _aК314.103-51,0
_2rubbk
701 1 _aБортничук
_bН.И.
701 1 _aБабыкин
_bВ.В.
701 1 _aАртемьев
_bВ.Д.
801 0 _aRU
_bNLR
_gpsbo
801 1 _aRU
_bELAR
_2rusmarc
852 _aNLR
_j78-6/7150
899 _aRuMoRGB
_jБ 78-56/3795
899 _aRuMoRGB
_jБ 78-56/3796
942 _cBOOK
980 _aNB